Loading...
| Science - Biology | 0 | 4 | 0 | 0 | 40 | 39 | 69.25 | 1 | 3 |
| Religion | 0 | 4 | 1 | 0 | 35 | 39 | 63.00 | 1 | 3 |
| Science - Other Science | 0 | 3 | 1 | 1 | 25 | 99 | 109.00 | 0 | 0 |
| Social Science | 0 | 2 | 0 | 0 | 20 | 74 | 80.50 | 0 | 1 |
| History - European History | 0 | 2 | 0 | 2 | 20 | 109 | 115.00 | 0 | 0 |
| Literature - British Literature | 0 | 1 | 0 | 1 | 10 | 136 | 136.00 | 0 | 0 |
| Science - Chemistry | 0 | 1 | 0 | 0 | 10 | 79 | 79.00 | 0 | 1 |
| Literature - European Literature | 0 | 1 | 1 | 0 | 5 | 40 | 40.00 | 1 | 1 |
| History - World History | 0 | 1 | 1 | 0 | 5 | 54 | 54.00 | 0 | 1 |
| History - Other History | 0 | 1 | 1 | 0 | 5 | 113 | 113.00 | 0 | 0 |
| Literature - American Literature | 0 | 0 | 0 | 0 | 0 | 0.00 | 0 | 0 | |
| History - American History | 0 | 0 | 1 | 0 | -5 | 0.00 | 0 | 0 | |
| Fine Arts - Visual Fine Arts | 0 | 0 | 1 | 0 | -5 | 0.00 | 0 | 0 |